00360 2200145 4500001002100000008004100021035002000062245003000082100002400112260002900136300001700165082001100182650000800193990001300201INLIS000000000001111 ind  a0010-0423001111 aMERAPAT KE LANGIT SURGAWI aABU FAJAR AL-QALAMI aJAKARTAbMATA PENAc2007 ahlm.c21 cm. a297541 aDOA a102253-1